miasta w Polsce na literę I - Statystyki

Ogólne statystyki
  • Ten quiz został rozwiązany 58 razy
  • Średni wynik to 5 z 11
Statystyki odpowiedzi
województwo miasto % Poprawnych
kujawsko - pomorskie Inowrocław
94%
warmińsko - mazurskie Iława
88%
śląskie Imielin
53%
mazowieckie Iłża
45%
lubelskie Izbica
39%
podkarpackie Iwonicz - Zdrój
35%
lubuskie Iłowa
31%
łódzkie Inowłódz
29%
zachodniopomorskie Ińsko
29%
kujawsko - pomorskie Izbica Kujawska
24%
świętokrzyskie Iwaniska
20%
Nie znaleziono quizów pasujących do podanych kryteriów
Rozkład punktacji
Procent ludzi z każdym wynikiem
Percentyl według liczby udzielonych odpowiedzi
Twoja historia wyników
Nie rozwiązałeś tego quizu